[Event "24. Acropolis 2009"]
[Site "Chalkida GRE"]
[Date "2009.08.17"]
[Round "8.24"]
[White "Aggelis, Nikolaos"]
[Black "Smirin, Ilia"]
[Result "0-1"]
[WhiteElo "2296"]
[BlackElo "2650"]
[PlyCount "82"]
[EventDate "2009.08.10"]
[EventType "swiss"]
[EventRounds "9"]
[EventCountry "GRE"]
[Source "lmi"]
[SourceDate "2009.08.10"]

1. Nf3 Nf6 2. d4 g6 3. g3 Bg7 4. Bg2 O-O 5. O-O d6 6. Nc3 d5 7. Re1 Bf5 8. Nh4
Bg4 9. Qd3 Nc6 10. h3 Be6 11. Be3 Na5 12. Rad1 Nc4 13. Bc1 Nd6 14. Bf4 c6 15.
Kh2 Rc8 16. Bxd6 Qxd6 17. e4 dxe4 18. Nxe4 Nxe4 19. Qxe4 Qb4 20. b3 Bf6 21. c4
Rfd8 22. Nf3 Rd6 23. Ne5 Rcd8 24. Re2 Qc3 25. Re3 Qa5 26. Re2 Bxe5 27. Qxe5
Qxe5 28. Rxe5 Rxd4 29. Rxd4 Rxd4 30. Re2 Kf8 31. Be4 Ke8 32. Kg2 Kd7 33. f4 h5
34. h4 Bg4 35. Bf3 Bxf3+ 36. Kxf3 Rd3+ 37. Kf2 e6 38. c5 Rc3 39. b4 a5 40. Rb2
axb4 41. Rxb4 Kc7 0-1

[Event "24. Acropolis 2009"]
[Site "Chalkida GRE"]
[Date "2009.08.17"]
[Round "8.25"]
[White "Galopoulos, Nikolaos"]
[Black "Can, Emre"]
[Result "0-1"]
[WhiteElo "2255"]
[BlackElo "2455"]
[PlyCount "98"]
[EventDate "2009.08.10"]
[EventType "swiss"]
[EventRounds "9"]
[EventCountry "GRE"]
[Source "lmi"]
[SourceDate "2009.08.10"]

1. d4 Nf6 2. c4 g6 3. Nc3 Bg7 4. Nf3 O-O 5. g3 d6 6. Bg2 Nbd7 7. O-O e5 8. e4
exd4 9. Nxd4 Re8 10. Re1 Ng4 11. h3 Nge5 12. b3 Nc5 13. Be3 c6 14. Qc2 a5 15.
Rad1 Qe7 16. f4 Ned7 17. Bf2 h5 18. Nf3 Qf8 19. Bd4 Nf6 20. Nh4 Be6 21. Qf2 Na6
22. f5 gxf5 23. Nxf5 Bxf5 24. Qxf5 Nh7 25. Qxh5 Bxd4+ 26. Rxd4 Qg7 27. Qg4 Qxg4
28. hxg4 Re6 29. Red1 Rd8 30. Na4 Kf8 31. Rf1 Ke7 32. Rf5 Rg8 33. Bf3 Re5 34.
Kf2 Nf6 35. Rxe5+ dxe5 36. Rd1 Nd7 37. Ke3 Nac5 38. Nxc5 Nxc5 39. Rh1 Ne6 40.
Rh5 Kd6 41. Rh7 Ng5 42. Rh2 Kc5 43. Be2 Kb4 44. Rf2 Rg6 45. Bd3 f6 46. c5 Kxc5
47. Rc2+ Kd6 48. Rd2 Ne6 49. Ba6+ Kc7 0-1

[Event "24. Acropolis 2009"]
[Site "Chalkida GRE"]
[Date "2009.08.17"]
[Round "8.27"]
[White "Sowray, Peter J"]
[Black "Klinova, Masha"]
[Result "1-0"]
[WhiteElo "2335"]
[BlackElo "2312"]
[PlyCount "51"]
[EventDate "2009.08.10"]
[EventType "swiss"]
[EventRounds "9"]
[EventCountry "GRE"]
[Source "lmi"]
[SourceDate "2009.08.10"]

1. e4 d6 2. Bc4 Nf6 3. Nc3 e5 4. d3 Be7 5. f4 c6 6. Nf3 exf4 7. Bxf4 O-O 8. O-O
d5 9. exd5 cxd5 10. Bb3 Nc6 11. Kh1 a6 12. a3 Bg4 13. Ne2 Rc8 14. Qd2 Qd7 15.
Rae1 Rfe8 16. Ne5 Nxe5 17. Bxe5 Bb4 18. Nc3 Bxc3 19. bxc3 Rc6 20. Qg5 h6 21.
Qh4 Nh7 22. h3 Be6 23. Qg3 g6 24. Bd4 Qd6 25. Qe3 h5 26. Bxd5 1-0

[Event "24. Acropolis 2009"]
[Site "Chalkida GRE"]
[Date "2009.08.17"]
[Round "8.28"]
[White "Malikentzos, Sotirios"]
[Black "Mamedjarova, Zeinab"]
[Result "1-0"]
[WhiteElo "2148"]
[BlackElo "2325"]
[PlyCount "71"]
[EventDate "2009.08.10"]
[EventType "swiss"]
[EventRounds "9"]
[EventCountry "GRE"]
[Source "lmi"]
[SourceDate "2009.08.10"]

1. d4 f5 2. c4 g6 3. Nf3 Bg7 4. g3 Nf6 5. Bg2 O-O 6. O-O d6 7. Nc3 Qe8 8. d5
Na6 9. Rb1 Bd7 10. b4 c6 11. dxc6 bxc6 12. a3 h6 13. Bb2 g5 14. Qd3 Qc8 15.
Rbd1 Rb8 16. Na4 c5 17. b5 Nc7 18. Bxf6 Bxf6 19. Nxc5 Bxb5 20. cxb5 dxc5 21. a4
Qe6 22. Qc2 Rfc8 23. Rfe1 a6 24. e4 axb5 25. axb5 Rxb5 26. exf5 Qb3 27. Qe4 Qf7
28. Qc6 Rbb8 29. Qxc5 Ne8 30. Qe3 Nd6 31. Ne5 Qg7 32. Nd7 Rb2 33. Qe6+ Kh8 34.
Nxf6 Rf8 35. Nh5 Qh7 36. g4 1-0

[Event "24. Acropolis 2009"]
[Site "Chalkida GRE"]
[Date "2009.08.17"]
[Round "8.29"]
[White "Stavrianakis, Ioannis"]
[Black "Papadopoulos, Ioannis K"]
[Result "0-1"]
[WhiteElo "2240"]
[BlackElo "2450"]
[PlyCount "112"]
[EventDate "2009.08.10"]
[EventType "swiss"]
[EventRounds "9"]
[EventCountry "GRE"]
[Source "lmi"]
[SourceDate "2009.08.10"]

1. d4 Nf6 2. Bg5 e6 3. e4 c5 4. Nf3 cxd4 5. Bxf6 Qxf6 6. Qxd4 Qd8 7. c3 Nc6 8.
Qd1 Bc5 9. Bd3 O-O 10. O-O d6 11. Qc2 e5 12. Nbd2 Bg4 13. h3 Bh5 14. Be2 Bg6
15. Rad1 Rc8 16. Qd3 Qe7 17. b4 Bb6 18. Nc4 Rfd8 19. b5 Na5 20. Nxb6 axb6 21.
Qe3 Qc7 22. Nh4 Qc5 23. Nxg6 hxg6 24. Rc1 Qxe3 25. fxe3 Nc4 26. Rfe1 Kf8 27.
Kf2 Ke7 28. Red1 Nb2 29. Rd2 Na4 30. c4 Ra8 31. Kf3 Nc5 32. Rc3 Ra4 33. Bd1 Rb4
34. Bb3 Ra8 35. Rd5 Ra3 36. Rc2 Nxb3 37. axb3 Rbxb3 38. Rcd2 Rxe3+ 39. Kf2 Rxe4
40. Rxd6 Rxc4 41. Rd7+ Kf6 42. Rxb7 Rf4+ 43. Kg1 Kg5 44. Rxb6 f5 45. Kh2 Ra1
46. g3 Rb4 47. h4+ Kh5 48. Kh3 Ra3 49. Kh2 Rab3 50. Rd8 g5 51. hxg5 Kg4 52. g6
Rb2+ 53. Kg1 R4b3 54. Rb7 Kxg3 55. Rd1 Rb1 56. Rbd7 Rxb5 0-1

[Event "24. Acropolis 2009"]
[Site "Chalkida GRE"]
[Date "2009.08.17"]
[Round "8.30"]
[White "Lomineishvili, Maia"]
[Black "Filippas, Sebastian"]
[Result "0-1"]
[WhiteElo "2427"]
[BlackElo "2224"]
[PlyCount "94"]
[EventDate "2009.08.10"]
[EventType "swiss"]
[EventRounds "9"]
[EventCountry "GRE"]
[Source "lmi"]
[SourceDate "2009.08.10"]

1. d4 Nf6 2. c4 e6 3. Nc3 c5 4. d5 exd5 5. cxd5 d6 6. Nf3 g6 7. Bf4 a6 8. a4
Bg7 9. h3 O-O 10. e3 Nh5 11. Bh2 f5 12. Be2 f4 13. O-O fxe3 14. fxe3 Qe7 15.
Qd2 Bh6 16. Nd1 Nd7 17. Ra3 Nhf6 18. b4 Ne4 19. Qe1 cxb4 20. Qxb4 Ndc5 21. Nd2
Rxf1+ 22. Bxf1 Nxd2 23. Qxd2 Bd7 24. a5 Rf8 25. Nf2 Re8 26. Bf4 Bxf4 27. exf4
Qe1 28. Qd4 Qc1 29. Ra1 Qe3 30. Qxe3 Rxe3 31. Ng4 Bxg4 32. hxg4 Re4 33. g3 g5
34. Bg2 Rb4 35. Rf1 gxf4 36. gxf4 Nd3 37. f5 Rxg4 38. Kh2 Kf7 39. Bh3 Rb4 40.
Kg3 Kf6 41. Bg4 Ne5 42. Be2 Rb2 43. Bh5 Rb5 44. Be2 Rxa5 45. Rb1 b5 46. Rh1
Kxf5 47. Rxh7 Ke4 0-1

[Event "24. Acropolis 2009"]
[Site "Chalkida GRE"]
[Date "2009.08.17"]
[Round "8.31"]
[White "Kotrotsos, Vasilios"]
[Black "Khurtsilava, Inga"]
[Result "1-0"]
[WhiteElo "2359"]
[BlackElo "2261"]
[PlyCount "147"]
[EventDate "2009.08.10"]
[EventType "swiss"]
[EventRounds "9"]
[EventCountry "GRE"]
[Source "lmi"]
[SourceDate "2009.08.10"]

1. e4 c6 2. d4 d5 3. e5 Bf5 4. c4 e6 5. Nc3 Nd7 6. a3 h5 7. c5 f6 8. f4 g5 9.
Bd3 Bg7 10. Nge2 Qe7 11. Bxf5 exf5 12. Ng3 Qe6 13. Nxh5 Bf8 14. Qe2 O-O-O 15.
b4 fxe5 16. fxe5 Qg6 17. g4 fxg4 18. Ng3 Re8 19. Be3 Bg7 20. O-O-O Nh6 21. Qc2
Re6 22. Rdf1 Rf8 23. Rxf8+ Nxf8 24. Rf1 Qxc2+ 25. Kxc2 Rg6 26. Nh5 Ne6 27. Ne2
Bf8 28. Neg3 Be7 29. Kd3 Kd7 30. a4 a6 31. Ne2 Ng7 32. Nhg3 Ke6 33. b5 axb5 34.
axb5 Nhf5 35. b6 Rh6 36. Bg1 Rh3 37. Ra1 Nh5 38. Ra7 Nfxg3 39. hxg3 Nf4+ 40.
Kd2 Nxe2 41. Kxe2 Rxg3 42. Kf1 Rb3 43. Rxb7 g3 44. Rc7 g4 45. b7 Bxc5 46. Rxc6+
Kf5 47. dxc5 Rxb7 48. Kg2 Rb2+ 49. Kxg3 Rb3+ 50. Kg2 Rb2+ 51. Bf2 Kxe5 52. Rd6
Rc2 53. Kg3 Rc4 54. Kh4 Rc2 55. Bg3+ Ke4 56. Re6+ Kf3 57. c6 d4 58. Rd6 Ke4 59.
Kxg4 d3 60. Bf4 Rg2+ 61. Kh3 Rc2 62. Kg3 Rc4 63. Kg4 Rc2 64. Kg3 Rc4 65. Bg5
Rc2 66. Bf4 Rc4 67. Rh6 Rc2 68. c7 Rc3 69. Kg4 Rc2 70. Rh8 d2 71. Rd8 Rxc7 72.
Bxc7 Ke3 73. Bf4+ Ke4 74. Bxd2 1-0

[Event "24. Acropolis 2009"]
[Site "Chalkida GRE"]
[Date "2009.08.17"]
[Round "8.32"]
[White "Skaperdas, Kostantinos"]
[Black "Pavlidis, Anastasios"]
[Result "1-0"]
[WhiteElo "2222"]
[BlackElo "2348"]
[PlyCount "85"]
[EventDate "2009.08.10"]
[EventType "swiss"]
[EventRounds "9"]
[EventCountry "GRE"]
[Source "lmi"]
[SourceDate "2009.08.10"]

1. e4 c5 2. Nf3 d6 3. d4 Nf6 4. Nc3 cxd4 5. Nxd4 a6 6. Be3 e5 7. Nb3 Be7 8. Qd2
Be6 9. O-O-O O-O 10. f4 Ng4 11. g3 Nxe3 12. Qxe3 Nd7 13. Kb1 b5 14. f5 Bc4 15.
Nd5 Bg5 16. Qf2 Bxd5 17. exd5 Re8 18. h4 Bf6 19. Bg2 Nb6 20. Be4 Rc8 21. g4 Be7
22. f6 Bxf6 23. Rdf1 Rc4 24. Nd2 Rd4 25. g5 Nc4 26. Nxc4 Rxe4 27. gxf6 Rxc4 28.
Qg3 g6 29. h5 Rf4 30. Rxf4 exf4 31. Qxf4 Re5 32. hxg6 fxg6 33. f7+ Kf8 34. Qh6+
Kxf7 35. Qxh7+ Kf6 36. Qh4+ g5 37. Qh6+ Kf5 38. Qh7+ Kf4 39. Rf1+ Kg4 40. Qd3
Kh5 41. Rh1+ Kg4 42. Rg1+ Kf4 43. Rf1+ 1-0

[Event "24. Acropolis 2009"]
[Site "Chalkida GRE"]
[Date "2009.08.17"]
[Round "8.34"]
[White "Parginos, Vassilios"]
[Black "Fakhiridou, Ekaterini"]
[Result "1/2-1/2"]
[WhiteElo "2196"]
[BlackElo "2277"]
[PlyCount "138"]
[EventDate "2009.08.10"]
[EventType "swiss"]
[EventRounds "9"]
[EventCountry "GRE"]
[Source "lmi"]
[SourceDate "2009.08.10"]

1. d4 Nf6 2. c4 c5 3. d5 e5 4. Nc3 d6 5. e4 Be7 6. g3 O-O 7. Bg2 Ne8 8. Nge2
Nd7 9. O-O g6 10. Bh6 Ng7 11. Qd2 Nf6 12. h3 Kh8 13. Kh2 Ng8 14. Be3 f5 15. f4
exf4 16. Nxf4 Nf6 17. Rad1 Nxe4 18. Nxe4 fxe4 19. Bxe4 Nf5 20. Bxf5 Rxf5 21. g4
Rf6 22. b4 b6 23. Qc3 Kg8 24. Nd3 Rxf1 25. Rxf1 Bf8 26. Qd2 Bd7 27. Bg5 Qe8 28.
Bf6 cxb4 29. Re1 Qf7 30. g5 Re8 31. Nxb4 Rc8 32. Qd4 a5 33. Nd3 Bf5 34. Nb2 Re8
35. Re3 Rxe3 36. Qxe3 Qc7 37. Bd4 Qd7 38. a4 Bg7 39. Bxg7 Kxg7 40. h4 Qc7 41.
Qd4+ Kg8 42. Qe3 Qd8 43. Kg3 Bd7 44. h5 gxh5 45. Nd3 Bf5 46. Kh4 h6 47. Kxh5
Qxg5+ 48. Qxg5+ hxg5 49. Nf2 Bc2 50. Kxg5 Bxa4 51. Ne4 Bb3 52. Nxd6 a4 53. Nb5
Bxc4 54. Na3 Bxd5 55. Kf6 Bb3 56. Ke5 Kf7 57. Kd6 Kf6 58. Kc6 Ke5 59. Kxb6 Kd4
60. Kb5 Kc3 61. Ka5 Bd1 62. Nb5+ Kb3 63. Nd4+ Ka2 64. Nb5 Kb2 65. Kb4 Bb3 66.
Na3 Ka2 67. Nb5 Kb2 68. Na3 Ka2 69. Nb5 Kb2 1/2-1/2

[Event "24. Acropolis 2009"]
[Site "Chalkida GRE"]
[Date "2009.08.17"]
[Round "8.36"]
[White "Manelidou, Maria"]
[Black "Vragoteris, Antonios"]
[Result "0-1"]
[WhiteElo "2008"]
[BlackElo "2266"]
[PlyCount "78"]
[EventDate "2009.08.10"]
[EventType "swiss"]
[EventRounds "9"]
[EventCountry "GRE"]
[Source "lmi"]
[SourceDate "2009.08.10"]

1. e4 c5 2. Nf3 g6 3. c4 Nc6 4. Nc3 Bg7 5. Be2 d6 6. O-O Bg4 7. d3 Nf6 8. Be3
Bxf3 9. Bxf3 Nd7 10. Qd2 O-O 11. Bh6 Nd4 12. Bd1 Bxh6 13. Qxh6 e6 14. f4 Qf6
15. Kh1 a6 16. Bf3 Rab8 17. Rae1 b5 18. cxb5 axb5 19. e5 dxe5 20. fxe5 Nxe5 21.
Bd1 Qh8 22. Ne4 Nd7 23. Qg5 f5 24. Ng3 Qg7 25. Qd2 Rbe8 26. b4 e5 27. a4 Qe7
28. bxc5 Nxc5 29. axb5 Nxb5 30. Ba4 Nxa4 31. Qa2+ Qe6 32. Qxa4 Qd5 33. Qa1 Nd4
34. Qc1 Rc8 35. Qg5 Rc7 36. Nh5 Ne6 37. Qg3 f4 38. Qg4 Rf5 39. Rxe5 Qxe5 0-1

[Event "24. Acropolis 2009"]
[Site "Chalkida GRE"]
[Date "2009.08.17"]
[Round "8.37"]
[White "Simeonidis, Ioannis"]
[Black "Dounis, Alexandros"]
[Result "1/2-1/2"]
[WhiteElo "2266"]
[BlackElo "2186"]
[PlyCount "168"]
[EventDate "2009.08.10"]
[EventType "swiss"]
[EventRounds "9"]
[EventCountry "GRE"]
[Source "lmi"]
[SourceDate "2009.08.10"]

1. d4 Nf6 2. Nf3 g6 3. c3 Bg7 4. Bf4 O-O 5. h3 d6 6. e3 Nbd7 7. a4 Qe8 8. Be2
e5 9. Bh2 Kh8 10. O-O Ng8 11. Na3 a6 12. a5 f5 13. dxe5 dxe5 14. Nc4 e4 15.
Nfd2 Ne5 16. Nxe5 Bxe5 17. Bxe5+ Qxe5 18. Nc4 Qg7 19. Qd4 Nf6 20. Qe5 Re8 21.
Qc5 Be6 22. Rad1 Rad8 23. Rxd8 Rxd8 24. Rd1 Rd5 25. Rxd5 Nxd5 26. Qa7 Qg8 27.
Qd4+ Qg7 28. Qa7 Qg8 29. Nd2 Qc8 30. Bc4 Kg8 31. Bxd5 Bxd5 32. Qd4 Be6 33. h4
Qf8 34. Qe5 Qf7 35. Nf1 Qd7 36. Ng3 Qd1+ 37. Kh2 Qd6 38. Qxd6 cxd6 39. Ne2 Kf7
40. Nd4 Kf6 41. Kg1 Ke5 42. Kf1 Bc4+ 43. Ke1 h6 44. g3 Bf7 45. Kd2 g5 46. hxg5
hxg5 47. b3 f4 48. gxf4+ gxf4 49. c4 Be8 50. Kc3 fxe3 51. fxe3 Bh5 52. Kb4 Bd1
53. c5 Kd5 54. cxd6 Kxd6 55. Kc4 Bh5 56. b4 Bf7+ 57. Kc3 Kd5 58. Nb3 Be8 59.
Nc5 Bc6 60. Kb3 Ke5 61. Kc4 Bd5+ 62. Kc3 Bc6 63. Nb3 Kd5 64. Nd4 Bb5 65. Nf5
Ke5 66. Nd4 Kd5 67. Nb3 Bc6 68. Nd2 Bb5 69. Kb3 Bd3 70. Kb2 Kc6 71. Kc3 Kd5 72.
Nb3 Bb5 73. Nd4 Ke5 74. Kb3 Kd5 75. Nf5 Ke5 76. Ne7 Kd6 77. Nc8+ Ke5 78. Kc3
Kd5 79. Nb6+ Ke5 80. Kd2 Kd6 81. Ke1 Be8 82. Kd2 Bb5 83. Kc3 Ke5 84. Nc4+ Kd5
1/2-1/2

[Event "24. Acropolis 2009"]
[Site "Chalkida GRE"]
[Date "2009.08.17"]
[Round "8.38"]
[White "Petraki, Maria"]
[Black "Yildiz, Betul Cemre"]
[Result "1-0"]
[WhiteElo "2030"]
[BlackElo "2217"]
[PlyCount "64"]
[EventDate "2009.08.10"]
[EventType "swiss"]
[EventRounds "9"]
[EventCountry "GRE"]
[Source "lmi"]
[SourceDate "2009.08.10"]

1. e4 e5 2. Nf3 Nc6 3. Bc4 Nf6 4. d3 Be7 5. O-O O-O 6. Bb3 d6 7. c3 Na5 8. Bc2
c5 9. a3 Nc6 10. b4 a6 11. h3 h6 12. Be3 Be6 13. d4 cxd4 14. cxd4 exd4 15. Nxd4
Nxd4 16. Bxd4 Rc8 17. Nc3 Nd7 18. Rc1 Ne5 19. f4 Nc6 20. Be3 Bf6 21. Bb1 Bc4
22. Rf3 Ne7 23. Na4 Rc6 24. Rxc4 Rxc4 25. Qd3 b5 26. e5 Ng6 27. exf6 Qxf6 28.
Nb6 Qb2 29. Nxc4 bxc4 30. Qc2 Qa1 31. Bc1 Qd4+ 32. Kh2 Re8 1-0

[Event "24. Acropolis 2009"]
[Site "Chalkida GRE"]
[Date "2009.08.17"]
[Round "8.39"]
[White "Pavlidou, Ekaterini"]
[Black "Okara, Andrey"]
[Result "1/2-1/2"]
[WhiteElo "2179"]
[BlackElo "2389"]
[PlyCount "105"]
[EventDate "2009.08.10"]
[EventType "swiss"]
[EventRounds "9"]
[EventCountry "GRE"]
[Source "lmi"]
[SourceDate "2009.08.10"]

1. d4 d5 2. c4 c6 3. Nf3 Nf6 4. Nc3 e6 5. Bg5 Nbd7 6. e3 Be7 7. Bd3 O-O 8. O-O
b6 9. cxd5 exd5 10. Qc2 g6 11. Ne5 Nxe5 12. dxe5 Nd7 13. Bh6 Re8 14. f4 Bf8 15.
Bg5 Be7 16. Bh6 Nc5 17. Be2 f6 18. b4 Bf5 19. Qc1 Ne4 20. Nxe4 Bxe4 21. Qxc6
Bxb4 22. Bb5 Bc5 23. Rae1 Qe7 24. Qxf6 Qxf6 25. exf6 Re6 26. Bg5 Kf7 27. Kf2
Rh8 28. Bd7 Rd6 29. Bg4 h6 30. Bh4 Rg8 31. f5 gxf5 32. Bh5+ Kf8 33. g3 f4 34.
f7 fxe3+ 35. Rxe3 Rgg6 36. Bxg6 Rxg6 37. Ke2 Re6 38. Bf6 Kxf7 39. Bd4+ Kg6 40.
Bxc5 bxc5 41. Rf4 Ra6 42. a3 Rb6 43. Rfxe4 dxe4 44. Rxe4 Kf5 45. Ra4 Ke5 46.
Kd3 Kd5 47. Rxa7 Rb3+ 48. Kc2 Rf3 49. Ra4 Rf2+ 50. Kc3 Rxh2 51. Rh4 Rxh4 52.
gxh4 h5 53. a4 1/2-1/2

[Event "24. Acropolis 2009"]
[Site "Chalkida GRE"]
[Date "2009.08.17"]
[Round "8.40"]
[White "Nikolaidis, Konstantinos"]
[Black "Sanchez Castillo, Sarai"]
[Result "1-0"]
[WhiteElo "2270"]
[BlackElo "2202"]
[PlyCount "97"]
[EventDate "2009.08.10"]
[EventType "swiss"]
[EventRounds "9"]
[EventCountry "GRE"]
[Source "lmi"]
[SourceDate "2009.08.10"]

1. d4 d5 2. c4 c6 3. Nf3 e6 4. e3 Nf6 5. b3 Nbd7 6. Bb2 Ne4 7. Bd3 Bb4+ 8. Nfd2
Qg5 9. O-O f5 10. Qe1 Qh6 11. f3 Nxd2 12. Nxd2 O-O 13. Qe2 Nf6 14. a4 Ba5 15.
Ba3 Bc7 16. f4 Re8 17. Nf3 Ng4 18. Rfc1 Bd7 19. Rc2 Rad8 20. Rf1 Bc8 21. Rd1
Bb6 22. h3 Nf6 23. Qe1 a6 24. Bb4 Ba7 25. Ba5 b6 26. Bc3 Ne4 27. Bb2 Bb7 28.
Ne5 Bb8 29. Ba3 Bxe5 30. fxe5 c5 31. Bxe4 dxe4 32. Rcd2 cxd4 33. Rxd4 Rxd4 34.
Rxd4 f4 35. Rd6 f3 36. Rxb6 Qg5 37. Qf2 Ba8 38. Bd6 h5 39. Rxa6 Kh7 40. Ra7 h4
41. Kh2 Kg6 42. g3 hxg3+ 43. Qxg3 Qxg3+ 44. Kxg3 Rc8 45. a5 Kh6 46. a6 Bd5 47.
Rc7 Rb8 48. b4 Rb6 49. b5 1-0

[Event "24. Acropolis 2009"]
[Site "Chalkida GRE"]
[Date "2009.08.17"]
[Round "8.41"]
[White "Bozinakis, Pavlos"]
[Black "Ozturk, Kubra"]
[Result "0-1"]
[WhiteElo "2148"]
[BlackElo "2256"]
[PlyCount "70"]
[EventDate "2009.08.10"]
[EventType "swiss"]
[EventRounds "9"]
[EventCountry "GRE"]
[Source "lmi"]
[SourceDate "2009.08.10"]

1. e4 e5 2. Nf3 Nc6 3. Bb5 a6 4. Bxc6 dxc6 5. d4 exd4 6. Qxd4 Bg4 7. Qc3 Nf6 8.
O-O Be7 9. h3 Bh5 10. Nbd2 O-O 11. b3 Re8 12. Bb2 Bf8 13. Rad1 Qe7 14. Qa5 Qb4
15. Qg5 h6 16. Qh4 Bxf3 17. gxf3 Re6 18. Nc4 Qb5 19. Ne3 Qe2 20. e5 Nh7 21. Rd7
Rg6+ 22. Kh2 Ng5 23. Qc4 Nxf3+ 24. Kh1 Qxf2 25. Qxf7+ Kh8 26. Qxf3 Rg1+ 27.
Rxg1 Qxf3+ 28. Kh2 Qxe3 29. e6 Qxe6 30. Rgxg7 Bxg7 31. Rxg7 Qd6+ 32. Kh1 h5 33.
h4 Rd8 34. Bc3 Qd1+ 35. Rg1+ Kh7 0-1

[Event "24. Acropolis 2009"]
[Site "Chalkida GRE"]
[Date "2009.08.17"]
[Round "8.42"]
[White "Karlovich, Anastazia"]
[Black "Galopoulos, Panagiotis"]
[Result "1-0"]
[WhiteElo "2211"]
[BlackElo "2161"]
[PlyCount "31"]
[EventDate "2009.08.10"]
[EventType "swiss"]
[EventRounds "9"]
[EventCountry "GRE"]
[Source "lmi"]
[SourceDate "2009.08.10"]

1. e4 c5 2. Nf3 Nc6 3. Bb5 g6 4. O-O Bg7 5. c3 e5 6. d4 exd4 7. cxd4 Nxd4 8.
Nxd4 Bxd4 9. Nc3 Ne7 10. Bg5 O-O 11. Bc4 Qe8 12. Nb5 Nc6 13. Qd2 Qxe4 14. Rae1
Bxf2+ 15. Qxf2 Qxc4 16. Qf6 1-0

[Event "24. Acropolis 2009"]
[Site "Chalkida GRE"]
[Date "2009.08.17"]
[Round "8.43"]
[White "Foisor, Mihaela Veronica"]
[Black "Kaforos, Dimitrios Alkis"]
[Result "0-1"]
[WhiteElo "2123"]
[BlackElo "2203"]
[PlyCount "82"]
[EventDate "2009.08.10"]
[EventType "swiss"]
[EventRounds "9"]
[EventCountry "GRE"]
[Source "lmi"]
[SourceDate "2009.08.10"]

1. d4 Nf6 2. c4 c5 3. d5 b5 4. cxb5 a6 5. bxa6 g6 6. Nc3 Bxa6 7. e4 Bxf1 8.
Kxf1 d6 9. g3 Bg7 10. Kg2 Nbd7 11. Nf3 O-O 12. Re1 Ng4 13. Nd2 Nge5 14. Qe2 Nb6
15. f4 Ned7 16. a4 Bxc3 17. bxc3 Nxa4 18. c4 Ra7 19. Qd3 Qc7 20. Nf3 f6 21. Ra2
Nab6 22. Rc2 Rb8 23. e5 dxe5 24. fxe5 Nxe5 25. Rxe5 fxe5 26. Ng5 Qd6 27. Ne6
Nd7 28. Rf2 Nf6 29. Qd2 Ng4 30. Rf1 Qa6 31. Qe2 Qa2 32. Bd2 Nf6 33. Rf2 Qb1 34.
Nxc5 Rc8 35. Be3 Rac7 36. Rf1 Qb4 37. Ne6 Qxc4 38. Qf3 Qa2+ 39. Qf2 Rc2 40. Ng5
Rxf2+ 41. Bxf2 Qxd5+ 0-1

[Event "24. Acropolis 2009"]
[Site "Chalkida GRE"]
[Date "2009.08.17"]
[Round "8.44"]
[White "Efthimiadis, Ilias"]
[Black "Kourousis, Epaminondas"]
[Result "0-1"]
[WhiteElo "1988"]
[BlackElo "2237"]
[PlyCount "84"]
[EventDate "2009.08.10"]
[EventType "swiss"]
[EventRounds "9"]
[EventCountry "GRE"]
[Source "lmi"]
[SourceDate "2009.08.10"]

1. d4 Nf6 2. Nf3 e6 3. c4 b6 4. a3 Bb7 5. Nc3 d5 6. cxd5 Nxd5 7. Qc2 Nxc3 8.
bxc3 Be7 9. e4 O-O 10. Bd3 c5 11. O-O Qc7 12. Qe2 Nc6 13. Rd1 Na5 14. Rb1 Rfd8
15. Bb2 Rac8 16. Nd2 e5 17. d5 c4 18. Bc2 Bc5 19. Nf1 Qe7 20. Ra1 g6 21. Ne3
Ba6 22. Kh1 Nb7 23. Bc1 h5 24. g3 Nd6 25. a4 Kg7 26. Ng2 Rh8 27. Be3 Bxe3 28.
Qxe3 Rce8 29. Re1 Bc8 30. h4 Rhf8 31. f4 Bh3 32. Kh2 Bxg2 33. Kxg2 exf4 34.
Qxf4 Qe5 35. Qxe5+ Rxe5 36. a5 b5 37. a6 Rfe8 38. Red1 R5e7 39. Ra2 Kf6 40.
Rf1+ Ke5 41. Bb1 Rb8 42. Raf2 Rb6 0-1

[Event "24. Acropolis 2009"]
[Site "Chalkida GRE"]
[Date "2009.08.17"]
[Round "8.45"]
[White "Mamedjarova, Turkan"]
[Black "Vospernik, Andrej"]
[Result "0-1"]
[WhiteElo "2260"]
[BlackElo "2170"]
[PlyCount "102"]
[EventDate "2009.08.10"]
[EventType "swiss"]
[EventRounds "9"]
[EventCountry "GRE"]
[Source "lmi"]
[SourceDate "2009.08.10"]

1. d4 Nf6 2. Nf3 d6 3. Bf4 Bg4 4. e3 Nbd7 5. Be2 Nh5 6. h3 Bxf3 7. Bxf3 Nxf4 8.
exf4 c6 9. O-O g6 10. c3 Bg7 11. Nd2 O-O 12. Ne4 Qc7 13. Ng3 e6 14. Qd3 Rad8
15. Rfe1 c5 16. d5 c4 17. Qe2 Rfe8 18. Rad1 b5 19. Qc2 Nc5 20. dxe6 fxe6 21.
Bg4 Qf7 22. Ne4 Nd3 23. Ng5 Nxe1 24. Rxe1 Qxf4 25. Bxe6+ Kh8 26. Nf7+ Qxf7 27.
Bxf7 Rxe1+ 28. Kh2 d5 29. h4 Re7 30. Bxg6 hxg6 31. Qxg6 Rd6 32. Qf5 Ree6 33.
Qf7 b4 34. Qf3 a5 35. a3 bxc3 36. bxc3 d4 37. cxd4 Bxd4 38. Qh5+ Kg8 39. Qxa5
c3 40. Qf5 Rc6 41. Qg5+ Bg7 42. Qd8+ Bf8 43. Qg5+ Rg6 44. Qd5+ Kh8 45. Qf7 Bg7
46. h5 Rge6 47. Qd7 Be5+ 48. g3 c2 49. Qd8+ Kg7 50. Qd7+ Kf8 51. Qd8+ Re8 0-1

[Event "24. Acropolis 2009"]
[Site "Chalkida GRE"]
[Date "2009.08.17"]
[Round "8.46"]
[White "Kouvatsou, Maria"]
[Black "Rigopoulos-Tsigkos, Alexandros"]
[Result "0-1"]
[WhiteElo "2156"]
[BlackElo "2017"]
[PlyCount "108"]
[EventDate "2009.08.10"]
[EventType "swiss"]
[EventRounds "9"]
[EventCountry "GRE"]
[Source "lmi"]
[SourceDate "2009.08.10"]

1. e4 c5 2. Nf3 e6 3. b3 b6 4. c4 Bb7 5. Nc3 a6 6. Bd3 d6 7. O-O Nd7 8. Bb2
Ngf6 9. Qe2 g6 10. Rad1 Bg7 11. Bb1 e5 12. Ne1 O-O 13. g3 Nh5 14. Ng2 Re8 15.
Ne3 Nf8 16. Ncd5 Ne6 17. f3 Nd4 18. Qf2 Bc8 19. Kh1 Ra7 20. f4 Bh3 21. Rg1 exf4
22. gxf4 Nf6 23. Bxd4 cxd4 24. Nxf6+ Bxf6 25. Nd5 Bg7 26. f5 Be5 27. Nf4 Bxf4
28. Qxf4 h5 29. fxg6 Bg4 30. h3 Qh4 31. Rg3 fxg6 32. Rf1 g5 33. Qxd6 Rg7 34.
Kg1 Bxh3 35. Rf6 g4 36. Qf4 Qg5 37. Qf2 h4 38. Rd3 g3 39. Qf4 Qxf4 40. Rxf4 Rf8
41. Rdf3 Rxf4 42. Rxf4 Rf7 43. Rxf7 Kxf7 44. Bd3 Kf6 45. b4 Ke5 46. c5 bxc5 47.
bxc5 Bc8 48. Bc4 h3 49. Be2 Kxe4 50. c6 a5 51. a3 Kf4 52. a4 Be6 53. Bf1 g2 54.
Bxg2 hxg2 0-1

[Event "24. Acropolis 2009"]
[Site "Chalkida GRE"]
[Date "2009.08.17"]
[Round "8.48"]
[White "Kordis, Konstantinos"]
[Black "Makka, Ioulia"]
[Result "0-1"]
[WhiteElo "2221"]
[BlackElo "2212"]
[PlyCount "88"]
[EventDate "2009.08.10"]
[EventType "swiss"]
[EventRounds "9"]
[EventCountry "GRE"]
[Source "lmi"]
[SourceDate "2009.08.10"]

1. e4 e6 2. d3 d5 3. Nd2 Nf6 4. Ngf3 b6 5. g3 Bb7 6. e5 Nfd7 7. Bg2 c5 8. O-O
Nc6 9. Re1 Be7 10. Nf1 Qc7 11. Qe2 h6 12. h4 O-O-O 13. N1h2 Rde8 14. h5 f6 15.
Bf4 fxe5 16. Nxe5 Ndxe5 17. Ng4 Nd4 18. Qd1 Nef3+ 19. Bxf3 Nxf3+ 20. Qxf3 d4
21. Qe2 Bd6 22. Ne5 Rhf8 23. Qg4 Rf5 24. Ng6 Qc6 25. Re4 Bxf4 26. Nxf4 Qd7 27.
Re2 Qc6 28. Re4 Qd7 29. Re2 Rg5 30. Qh3 Bf3 31. Ree1 e5 32. Qxd7+ Kxd7 33. Ng2
Rxh5 34. Nh4 Bc6 35. Re2 g5 36. Ng2 Bf3 37. Ree1 Rh3 38. Re4 h5 39. Rae1 Kd6
40. c3 Bxe4 41. Rxe4 h4 42. Rg4 hxg3 43. fxg3 Reh8 44. Rxg5 Rh1+ 0-1

[Event "24. Acropolis 2009"]
[Site "Chalkida GRE"]
[Date "2009.08.18"]
[Round "9.2"]
[White "Papaioannou, Ioannis"]
[Black "Kolev, Atanas"]
[Result "1/2-1/2"]
[WhiteElo "2624"]
[BlackElo "2569"]
[PlyCount "39"]
[EventDate "2009.08.10"]
[EventType "swiss"]
[EventRounds "9"]
[EventCountry "GRE"]
[Source "lmi"]
[SourceDate "2009.08.10"]

1. d4 Nf6 2. c4 e6 3. g3 d5 4. Bg2 dxc4 5. Nf3 Nc6 6. Qa4 Bb4+ 7. Bd2 Bd6 8.
Qxc4 O-O 9. O-O e5 10. dxe5 Nxe5 11. Nxe5 Bxe5 12. Bc3 Qe7 13. Bxe5 Qxe5 14.
Nc3 c6 15. Rfd1 Be6 16. Qb4 Rab8 17. Rd2 a5 18. Qa3 Qc7 19. Qc5 Nd7 20. Qh5
1/2-1/2